Rapid information systems development: non-specialist’s guide to analysis and design in an imperfect world

Sparad:
Bibliografiska uppgifter
Huvudupphovsman: Bell, Simon
Materialtyp: Bok
Språk:Undetermined
Publicerad: London McGraw-Hill 1998
Ämnen:
Taggar: Lägg till en tagg
Inga taggar, Lägg till första taggen!
Thư viện lưu trữ: Trung tâm Học liệu Trường Đại học Cần Thơ
LEADER 00606nam a2200205Ia 4500
001 CTU_123893
008 210402s9999 xx 000 0 und d
020 |c 240000 
082 |a 004.21 
082 |b B435 
100 |a Bell, Simon 
245 0 |a Rapid information systems development: 
245 0 |b non-specialist’s guide to analysis and design in an imperfect world 
245 0 |c Simon Bell,Trevor Wood-Harper 
260 |a London 
260 |b McGraw-Hill 
260 |c 1998 
650 |a System analysis,System design 
904 |i Minh 
980 |a Trung tâm Học liệu Trường Đại học Cần Thơ